[Event "Titled Tuesday 2025.10.07"]
[Site "chess.com INT"]
[Date "2025.10.07"]
[Round "5"]
[White "Keleberda, Tymur"]
[Black "Li, Yilin"]
[Result "1-0"]
[WhiteElo "2365"]
[BlackElo "1896"]
[WhiteFideId "-1"]
[BlackFideId "-1"]
[PlyCount "103"]
[GameId "2232578214093242"]
[EventDate "2025.10.07"]
[EventType "swiss (blitz)"]
[EventRounds "11"]
[EventCountry "NET"]
[SourceTitle "The Week in Chess 1614"]
[Source "Mark Crowther"]
[SourceDate "2025.10.13"]
[SourceVersion "1"]
[SourceVersionDate "2025.10.13"]
[SourceQuality "2"]

1. e4 e5 2. Nf3 Nc6 3. Bb5 a6 4. Ba4 Nf6 5. O-O Be7 6. Re1 b5 7. Bb3 O-O 8. c3 d6 9. h3 Na5 10. Bc2 c5 11. d4 Qc7 12. Nbd2 Re8 13. Nf1 g6 14. b3 Bb7 15. d5 Bc8 16. Bh6 Nb7 17. Ne3 c4 18. b4 a5 19. a4 axb4 20. cxb4 Bd7 21. a5 Nh5 22. Qd2 f6 23. Nd1 Nd8 24. Be3 Nf7 25. g4 Ng7 26. Nc3 h5 27. Nh2 Qc8 28. Qe2 f5 29. f3 f4 30. Bf2 h4 31. Kg2 g5 32. Qf1 Ra6 33. Qg1 Qb7 34. Nf1 Bd8 35. Nd2 Bc7 36. Reb1 Bb8 37. Bd1 Rc8 38. Be2 Ba7 39. Nxc4 bxc4 40. b5 Bxf2 41. bxa6 Qa7 42. Qxf2 Qxf2+ 43. Kxf2 Nd8 44. a7 Ra8 45. Rb8 Rxa7 46. Rxd8+ Kf7 47. a6 Ke7 48. Rb8 Rc7 49. Rb7 Rc8 50. a7 Ra8 51. Rb8 Bc6 52. dxc6 1-0

[Event "Titled Tuesday 2025.10.07"]
[Site "chess.com INT"]
[Date "2025.10.07"]
[Round "6"]
[White "Srihari, L R"]
[Black "Keleberda, Tymur"]
[Result "0-1"]
[WhiteElo "2481"]
[BlackElo "2365"]
[WhiteFideId "-1"]
[BlackFideId "-1"]
[PlyCount "104"]
[GameId "2232578214195836"]
[EventDate "2025.10.07"]
[EventType "swiss (blitz)"]
[EventRounds "11"]
[EventCountry "NET"]
[SourceTitle "The Week in Chess 1614"]
[Source "Mark Crowther"]
[SourceDate "2025.10.13"]
[SourceVersion "1"]
[SourceVersionDate "2025.10.13"]
[SourceQuality "2"]

1. e4 a6 2. c4 e6 3. d4 d5 4. Nc3 dxe4 5. Nxe4 Bb4+ 6. Nc3 c5 7. a3 Bxc3+ 8. bxc3 Nf6 9. Nf3 Nc6 10. Be2 Qa5 11. Bd2 O-O 12. O-O Ne4 13. d5 Nxd2 14. Qxd2 Rd8 15. Rfd1 Ne7 16. Qg5 f6 17. Qe3 Nf5 18. Qe4 Nd6 19. Qc2 exd5 20. cxd5 Bf5 21. Qb2 Re8 22. h3 Re7 23. Bf1 Rae8 24. Nd2 b5 25. a4 b4 26. c4 Qc7 27. a5 Bg6 28. Nb3 Qc8 29. Rac1 Ne4 30. Re1 Nc3 31. Rxe7 Rxe7 32. Qd2 Rd7 33. Qe3 Rc7 34. Re1 Bf7 35. d6 Rd7 36. Nxc5 Rxd6 37. Nb3 g6 38. Qf4 Re6 39. Rxe6 Qxe6 40. Qb8+ Kg7 41. Qxb4 Ne4 42. Nd4 Qe5 43. Nf3 Qa1 44. c5 Bd5 45. Nd2 Qe1 46. c6 Nxd2 47. Qxd2 Qxd2 48. c7 Qc2 49. Bxa6 Qxc7 50. Bf1 Qxa5 51. f3 Qa1 52. Kh2 Bc4 0-1

[Event "Titled Tuesday 2025.10.07"]
[Site "chess.com INT"]
[Date "2025.10.07"]
[Round "7"]
[White "Keleberda, Tymur"]
[Black "Wagner, De"]
[Result "1-0"]
[WhiteElo "2365"]
[BlackElo "2600"]
[WhiteFideId "-1"]
[BlackFideId "-1"]
[PlyCount "119"]
[GameId "2232578214269737"]
[EventDate "2025.10.07"]
[EventType "swiss (blitz)"]
[EventRounds "11"]
[EventCountry "NET"]
[SourceTitle "The Week in Chess 1614"]
[Source "Mark Crowther"]
[SourceDate "2025.10.13"]
[SourceVersion "1"]
[SourceVersionDate "2025.10.13"]
[SourceQuality "2"]

1. e4 c5 2. Nf3 d6 3. c3 Nf6 4. h3 Nc6 5. Bd3 e5 6. Bc2 d5 7. exd5 Qxd5 8. d3 Bf5 9. O-O O-O-O 10. Re1 Bxd3 11. Bxd3 Qxd3 12. Qxd3 Rxd3 13. Na3 Bd6 14. Be3 e4 15. Ng5 Ne5 16. Nb5 h6 17. Nxd6+ Rxd6 18. Nxe4 Nxe4 19. Bf4 Nd3 20. Rxe4 f5 21. Ra4 Rdd8 22. Bh2 a6 23. b4 c4 24. b5 axb5 25. Ra5 f4 26. Rxb5 Rhe8 27. g3 Re2 28. Rf1 f3 29. g4 Rxa2 30. Rf5 Rc2 31. Rxf3 Rxc3 32. Rf7 Rd7 33. Rf8+ Rd8 34. Rf7 Rd5 35. Ra1 Rc1+ 36. Rxc1 Nxc1 37. Rc7+ Kd8 38. Rxc4 b5 39. Rxc1 Kd7 40. Rc7+ Ke6 41. Rxg7 h5 42. Kg2 hxg4 43. hxg4 b4 44. Rb7 Rd4 45. f3 Kd5 46. g5 Kc4 47. g6 Rd5 48. Bf4 b3 49. g7 Rd8 50. Be5 Re8 51. f4 Rg8 52. Kf3 Ra8 53. Rb8 Rxb8 54. Bxb8 b2 55. g8=Q+ Kc3 56. Qa2 Kc2 57. Be5 Kd3 58. Qb3+ Kd2 59. Qxb2+ Kd3 60. Qc3# 1-0

[Event "Titled Tuesday 2025.10.07"]
[Site "chess.com INT"]
[Date "2025.10.07"]
[Round "8"]
[White "Keleberda, Tymur"]
[Black "Rakhmanov, Ale"]
[Result "0-1"]
[WhiteElo "2365"]
[BlackElo "2585"]
[WhiteFideId "-1"]
[BlackFideId "-1"]
[PlyCount "130"]
[GameId "2232578214339528"]
[EventDate "2025.10.07"]
[EventType "swiss (blitz)"]
[EventRounds "11"]
[EventCountry "NET"]
[SourceTitle "The Week in Chess 1614"]
[Source "Mark Crowther"]
[SourceDate "2025.10.13"]
[SourceVersion "1"]
[SourceVersionDate "2025.10.13"]
[SourceQuality "2"]

1. e4 c5 2. Nf3 Nf6 3. Bd3 d5 4. exd5 Nxd5 5. O-O Nc6 6. Re1 e6 7. Nc3 Ndb4 8. Bf1 Nd4 9. Nxd4 cxd4 10. Ne4 d3 11. cxd3 Be7 12. Qb3 O-O 13. a3 Nc6 14. Qd1 f5 15. Nc3 Bf6 16. b4 Nd4 17. Bb2 b6 18. Rb1 Bb7 19. Ne2 Re8 20. Nxd4 Bxd4 21. Bxd4 Qxd4 22. Qb3 Bd5 23. Qc3 Qg4 24. Qe5 Rac8 25. Rbc1 h6 26. Rc3 f4 27. h3 Qg5 28. Qxg5 hxg5 29. Re5 Kf7 30. Rxg5 Kf6 31. Rh5 b5 32. Rc5 Rxc5 33. bxc5 a5 34. d4 b4 35. axb4 axb4 36. Bd3 Ra8 37. c6 b3 38. c7 Rc8 39. Re5 Rxc7 40. Re1 b2 41. Kf1 Ba2 42. f3 Rc1 43. Ke2 Bc4 44. Bxc4 Rxe1+ 45. Kxe1 b1=Q+ 46. Kf2 Qb2 47. Ke2 Qxd4 48. Bd3 Qg1 49. Be4 Qxg2+ 50. Kd3 Qxh3 51. Kc2 Qg3 52. Kd3 g5 53. Kd4 g4 54. Kd3 gxf3 55. Kd4 f2 56. Bd3 Qg1 57. Kc4 f1=Q 58. Bxf1 Qxf1+ 59. Kc3 Qe1 60. Kd4 f3 61. Kc5 f2 62. Kd6 Qxd2+ 63. Kc7 f1=Q 64. Kb7 Qb1+ 65. Ka6 Qda2# 0-1

[Event "Titled Tuesday 2025.10.07"]
[Site "chess.com INT"]
[Date "2025.10.07"]
[Round "9"]
[White "Gilfanov, Marat I"]
[Black "Keleberda, Tymur"]
[Result "1/2-1/2"]
[WhiteElo "2310"]
[BlackElo "2365"]
[WhiteFideId "-1"]
[BlackFideId "-1"]
[PlyCount "187"]
[GameId "2232578214392888"]
[EventDate "2025.10.07"]
[EventType "swiss (blitz)"]
[EventRounds "11"]
[EventCountry "NET"]
[SourceTitle "The Week in Chess 1614"]
[Source "Mark Crowther"]
[SourceDate "2025.10.13"]
[SourceVersion "1"]
[SourceVersionDate "2025.10.13"]
[SourceQuality "2"]

1. d4 d5 2. Nf3 Nf6 3. Bf4 e6 4. e3 Bd6 5. Ne5 O-O 6. Nd2 c5 7. c3 b6 8. h4 Qc7 9. h5 Nc6 10. Ndf3 Ne4 11. Bd3 f6 12. Nxc6 Qxc6 13. Bxd6 Qxd6 14. Qc2 Bb7 15. Nd2 f5 16. f4 cxd4 17. cxd4 Rfc8 18. Qb3 a5 19. a4 Ng3 20. Rh3 Ne4 21. Rh1 Ba6 22. Nxe4 fxe4 23. Bxa6 Rxa6 24. Kd2 Ra7 25. Rac1 Rac7 26. Rc3 Rxc3 27. bxc3 Rc4 28. Rb1 Kf7 29. g4 Qc6 30. Qxb6 Qxb6 31. Rxb6 Rxa4 32. Rb7+ Kf8 33. g5 Ra2+ 34. Kd1 a4 35. g6 hxg6 36. hxg6 a3 37. Rf7+ Ke8 38. Rxg7 Rg2 39. Ra7 a2 40. g7 Rxg7 41. Rxa2 Rg1+ 42. Kc2 Rg3 43. Ra8+ Kf7 44. Kd2 Rg2+ 45. Ke1 Rg1+ 46. Kf2 Rc1 47. Rc8 Rc2+ 48. Ke1 Ke7 49. Kd1 Rg2 50. c4 dxc4 51. Rxc4 Rg1+ 52. Ke2 Rg2+ 53. Ke1 Ra2 54. Rc5 Ra1+ 55. Kd2 Ra2+ 56. Rc2 Ra3 57. Rc7+ Kd6 58. Rc2 Ra1 59. Rb2 Ra3 60. Ke2 Kd5 61. Kf2 Kd6 62. Rb6+ Kd7 63. Rb2 Kd6 64. Rc2 Kd7 65. Re2 Kd6 66. Kg3 Ra1 67. Rb2 Ra3 68. Re2 Ra1 69. Kg2 Kd5 70. Rc2 Ra3 71. Rc5+ Kd6 72. Kf2 Ra2+ 73. Ke1 Ra3 74. Kd2 Ra2+ 75. Rc2 Ra3 76. Rb2 Kd5 77. Rb5+ Kc4 78. Re5 Ra2+ 79. Ke1 Kd3 80. Rxe6 Kxe3 81. Kd1 Kf3 82. d5 e3 83. d6 e2+ 84. Kc1 Ra1+ 85. Kc2 Rd1 86. Re5 Rxd6 87. Kc3 Rd1 88. f5 e1=Q+ 89. Kc4 Qxe5 90. Kb3 Qxf5 91. Kc3 Qe6 92. Kb2 Qe2+ 93. Ka3 Rd3+ 94. Kb4 1/2-1/2

[Event "Titled Tuesday 2025.10.07"]
[Site "chess.com INT"]
[Date "2025.10.07"]
[Round "10"]
[White "Jasinski, Alexander"]
[Black "Keleberda, Tymur"]
[Result "0-1"]
[WhiteElo "1991"]
[BlackElo "2365"]
[WhiteFideId "-1"]
[BlackFideId "-1"]
[PlyCount "218"]
[GameId "2232578214483167"]
[EventDate "2025.10.07"]
[EventType "swiss (blitz)"]
[EventRounds "11"]
[EventCountry "NET"]
[SourceTitle "The Week in Chess 1614"]
[Source "Mark Crowther"]
[SourceDate "2025.10.13"]
[SourceVersion "1"]
[SourceVersionDate "2025.10.13"]
[SourceQuality "2"]

1. e4 a6 2. d4 e6 3. f4 d5 4. e5 c5 5. c3 Nc6 6. Be3 Qb6 7. Qb3 Qxb3 8. axb3 cxd4 9. cxd4 Nh6 10. Bd3 Nb4 11. Kd2 Nxd3 12. Kxd3 Bd7 13. Nc3 Nf5 14. Nf3 h5 15. h3 h4 16. Bf2 Be7 17. Rag1 Rc8 18. g4 hxg3 19. Bxg3 b5 20. Bf2 b4 21. Na4 Bb5+ 22. Kd2 Bd8 23. Nc5 Bb6 24. Ra1 Bxc5 25. dxc5 f6 26. exf6 gxf6 27. Rae1 Kf7 28. Nd4 Nxd4 29. Bxd4 Rh5 30. Re3 Rf5 31. Rg3 Rxf4 32. Be3 Rh4 33. Rhg1 e5 34. Rf1 d4 35. Rxf6+ Kxf6 36. Bg5+ Kf5 37. Bxh4 Rxc5 38. Rg5+ Kf4 39. Rg4+ Kf5 40. Rg5+ Ke4 41. Rg4+ Kd5 42. Rg5 d3 43. Bg3 Ke4 44. h4 Rc2+ 45. Kd1 Rxb2 46. Rxe5+ Kf3 47. Be1 Rxb3 48. h5 Rb2 49. h6 Ba4+ 50. Kc1 Rc2+ 51. Kb1 d2 52. Bxd2 Rxd2 53. Rh5 Rd8 54. Kb2 Bb5 55. Rh4 Rh8 56. Kb3 Kg3 57. Rh5 Be2 58. Rh1 Bf3 59. Rg1+ Bg2 60. Kxb4 Rxh6 61. Ka5 Kf2 62. Rb1 Bf1 63. Rb2+ Be2 64. Rc2 Rh5+ 65. Ka4 Ke3 66. Rb2 Bc4 67. Rb8 Kd4 68. Rc8 Kc3 69. Rf8 Rh1 70. Rf3+ Bd3 71. Ka5 Ra1+ 72. Kb6 Rb1+ 73. Ka7 a5 74. Rf4 a4 75. Rxa4 Bc4 76. Ra5 Kd4 77. Rc5 Bd5 78. Rc7 Ke5 79. Rc8 Kd6 80. Rb8 Ra1+ 81. Kb6 Bc6 82. Rd8+ Bd7 83. Rh8 Rb1+ 84. Ka5 Ra1+ 85. Kb4 Ra4+ 86. Kc3 Rg4 87. Rh6+ Be6 88. Rh7 Rc4+ 89. Kd3 Rc5 90. Rh6 Rd5+ 91. Ke4 Re5+ 92. Kd4 Ra5 93. Ke4 Ra4+ 94. Kf3 Ra5 95. Ke3 Ke7 96. Rg6 Ra3+ 97. Kd2 Ra4 98. Kc3 Bf7 99. Rh6 Rg4 100. Rh7 Rg3+ 101. Kd4 Rg6 102. Kc5 Rd6 103. Kb4 Re6 104. Kc3 Rf6 105. Kb4 Rf4+ 106. Kc5 Rf3 107. Kb6 Rf4 108. Kc5 Rf5+ 109. Kc6 Rf6+ 0-1

[Event "Titled Tuesday 2025.10.07"]
[Site "chess.com INT"]
[Date "2025.10.07"]
[Round "11"]
[White "Keleberda, Tymur"]
[Black "Bardyk, Artem"]
[Result "0-1"]
[WhiteElo "2365"]
[BlackElo "2332"]
[WhiteFideId "-1"]
[BlackFideId "-1"]
[PlyCount "84"]
[GameId "2232578214536532"]
[EventDate "2025.10.07"]
[EventType "swiss (blitz)"]
[EventRounds "11"]
[EventCountry "NET"]
[SourceTitle "The Week in Chess 1614"]
[Source "Mark Crowther"]
[SourceDate "2025.10.13"]
[SourceVersion "1"]
[SourceVersionDate "2025.10.13"]
[SourceQuality "2"]

1. e4 e5 2. Nf3 Nc6 3. Bc4 d6 4. d4 Nf6 5. d5 Ne7 6. Bd3 g6 7. Bg5 Bg7 8. Qd2 h6 9. Bxf6 Bxf6 10. h4 h5 11. c4 O-O 12. Nc3 c6 13. Ng5 cxd5 14. exd5 Nf5 15. Nce4 Bg7 16. g4 Nd4 17. gxh5 f5 18. Ng3 e4 19. N3xe4 fxe4 20. Bxe4 Bf5 21. Bxf5 Rxf5 22. O-O-O Rc8 23. Qd3 Rxf2 24. h6 Qb6 25. b3 Rxa2 26. h7+ Kh8 27. Rdg1 Nxb3+ 28. Kd1 Rd2+ 29. Qxd2 Nxd2 30. h5 Qb1+ 31. Kxd2 Qb2+ 32. Kd1 Qb3+ 33. Kd2 Qc3+ 34. Kd1 Qd3+ 35. Ke1 Bc3+ 36. Kf2 Rf8+ 37. Kg2 Qe2+ 38. Kh3 Qxh5+ 39. Kg2 Qxg5+ 40. Kh3 Rf3+ 41. Kh2 Be5+ 42. Rg3 Qxg3# 0-1

[Event "Titled Tuesday 2025.09.09"]
[Site "chess.com INT"]
[Date "2025.09.09"]
[Round "1"]
[White "Oparin, G."]
[Black "Keleberda, Tymur"]
[Result "1-0"]
[WhiteElo "2660"]
[BlackElo "2352"]
[WhiteFideId "-1"]
[BlackFideId "-1"]
[PlyCount "61"]
[GameId "2222458535925703"]
[EventDate "2025.09.09"]
[EventType "swiss (blitz)"]
[EventRounds "11"]
[EventCountry "NET"]
[SourceTitle "The Week in Chess 1610"]
[Source "Mark Crowther"]
[SourceDate "2025.09.15"]
[SourceVersion "1"]
[SourceVersionDate "2025.09.15"]
[SourceQuality "2"]

1. Nf3 d5 2. c4 c6 3. g3 Nf6 4. Bg2 Bg4 5. Ne5 Be6 6. cxd5 Bxd5 7. Nf3 e5 8. Nc3 e4 9. Ng5 Qe7 10. Nxd5 cxd5 11. d3 h6 12. Nh3 g5 13. O-O Nc6 14. Be3 Bg7 15. Rc1 d4 16. Bd2 e3 17. fxe3 dxe3 18. Bc3 O-O 19. Qa4 Rfd8 20. Rf5 Ng4 21. Qxg4 Bxc3 22. bxc3 Qa3 23. Rcf1 Qxc3 24. Nxg5 Qg7 25. Qh5 Nd4 26. Nxf7 Nxf5 27. Rxf5 Rf8 28. Nxh6+ Kh7 29. Nf7+ Kg8 30. Rg5 Rxf7 31. Bd5 1-0

[Event "Titled Tuesday 2025.09.09"]
[Site "chess.com INT"]
[Date "2025.09.09"]
[Round "2"]
[White "Keleberda, Tymur"]
[Black "Yushko, O."]
[Result "1-0"]
[WhiteElo "2352"]
[BlackElo "2033"]
[WhiteFideId "-1"]
[BlackFideId "-1"]
[PlyCount "79"]
[GameId "2222458536028328"]
[EventDate "2025.09.09"]
[EventType "swiss (blitz)"]
[EventRounds "11"]
[EventCountry "NET"]
[SourceTitle "The Week in Chess 1610"]
[Source "Mark Crowther"]
[SourceDate "2025.09.15"]
[SourceVersion "1"]
[SourceVersionDate "2025.09.15"]
[SourceQuality "2"]

1. d4 Nf6 2. c4 e6 3. Nf3 d5 4. Nc3 Nbd7 5. cxd5 exd5 6. Bf4 c6 7. h3 Be7 8. e3 O-O 9. Bd3 Re8 10. Qc2 Nf8 11. O-O Bd6 12. Ne5 N6d7 13. Nxd7 Qxd7 14. Bxd6 Qxd6 15. Rab1 g6 16. b4 a6 17. a4 Qf6 18. b5 axb5 19. axb5 Qg5 20. Kh1 Qh4 21. Kh2 Ne6 22. Ne2 Ng5 23. Nf4 Ne4 24. bxc6 bxc6 25. Bxe4 dxe4 26. Qxc6 Ba6 27. Ra1 Rec8 28. Qxe4 Re8 29. Qf3 g5 30. Nd5 Bxf1 31. Nf6+ Kg7 32. Nxe8+ Rxe8 33. Rxf1 Re6 34. Qg3 Qh6 35. Rb1 Qf6 36. Rb5 h6 37. h4 Kg6 38. f4 g4 39. f5+ Kh7 40. fxe6 1-0

[Event "Titled Tuesday 2025.09.09"]
[Site "chess.com INT"]
[Date "2025.09.09"]
[Round "3"]
[White "Keleberda, Tymur"]
[Black "Shandrygin, Nikita"]
[Result "1-0"]
[WhiteElo "2352"]
[BlackElo "2209"]
[WhiteFideId "-1"]
[BlackFideId "-1"]
[PlyCount "111"]
[GameId "2222458536122778"]
[EventDate "2025.09.09"]
[EventType "swiss (blitz)"]
[EventRounds "11"]
[EventCountry "NET"]
[SourceTitle "The Week in Chess 1610"]
[Source "Mark Crowther"]
[SourceDate "2025.09.15"]
[SourceVersion "1"]
[SourceVersionDate "2025.09.15"]
[SourceQuality "2"]

1. Nf3 Nf6 2. c4 g6 3. d4 Bg7 4. Nc3 d5 5. g3 O-O 6. cxd5 Nxd5 7. Bg2 Nc6 8. O-O Nb6 9. e3 h6 10. b3 e5 11. dxe5 Nxe5 12. Nxe5 Bxe5 13. Bb2 c6 14. Qe2 Qe7 15. Rfd1 h5 16. h3 Be6 17. Ne4 Bd5 18. Bxe5 Qxe5 19. Nd2 Bxg2 20. Kxg2 Nd5 21. Nf3 Qe7 22. Rac1 Rfe8 23. h4 a5 24. Ng5 a4 25. Rd4 axb3 26. axb3 Rad8 27. Qf3 Kg7 28. Rcd1 f6 29. Nh3 Nc3 30. Rxd8 Rxd8 31. Rxd8 Qxd8 32. Nf4 Qe7 33. g4 hxg4 34. Qxg4 Qf7 35. b4 Nd5 36. Nh5+ Kh7 37. Ng3 f5 38. Qd4 Nf6 39. Kg1 Nd5 40. e4 Nf4 41. exf5 Nd5 42. fxg6+ Qxg6 43. h5 Qb1+ 44. Kh2 Qc2 45. b5 Qc3 46. Qe4+ Kh8 47. bxc6 bxc6 48. h6 Qf6 49. Nf5 Qg5 50. Qe8+ Kh7 51. Qf7+ Kh8 52. Qg7+ Qxg7 53. hxg7+ Kg8 54. Kg3 Nf6 55. Kf3 Ne8 56. Ne7+ 1-0

[Event "Titled Tuesday 2025.09.09"]
[Site "chess.com INT"]
[Date "2025.09.09"]
[Round "4"]
[White "Domin, Yan"]
[Black "Keleberda, Tymur"]
[Result "1-0"]
[WhiteElo "2278"]
[BlackElo "2352"]
[WhiteFideId "-1"]
[BlackFideId "-1"]
[PlyCount "113"]
[GameId "2222458536204899"]
[EventDate "2025.09.09"]
[EventType "swiss (blitz)"]
[EventRounds "11"]
[EventCountry "NET"]
[SourceTitle "The Week in Chess 1610"]
[Source "Mark Crowther"]
[SourceDate "2025.09.15"]
[SourceVersion "1"]
[SourceVersionDate "2025.09.15"]
[SourceQuality "2"]

1. e4 e6 2. d4 a6 3. Bd3 d5 4. e5 c5 5. c3 Nc6 6. Nf3 Bd7 7. a3 cxd4 8. cxd4 Nge7 9. Nc3 Rc8 10. O-O Qb6 11. Na4 Qa7 12. Be3 Nf5 13. Bxf5 exf5 14. Rc1 Be7 15. b4 Be6 16. Nc5 h6 17. h4 O-O 18. Qd2 Kh7 19. g3 b6 20. Nd3 Rc7 21. Rc3 Rfc8 22. Rfc1 Nb8 23. Nf4 a5 24. Rxc7 Rxc7 25. Rxc7 Qxc7 26. bxa5 bxa5 27. Qd3 Nd7 28. g4 g6 29. h5 Qc6 30. hxg6+ fxg6 31. Nxe6 Qxe6 32. gxf5 Qxf5 33. Qxf5 gxf5 34. a4 Nb6 35. Bd2 Bb4 36. Bxb4 axb4 37. a5 Nc4 38. a6 b3 39. a7 b2 40. a8=Q b1=Q+ 41. Kg2 Qe4 42. Qb7+ Kh8 43. Qc8+ Kh7 44. Qd7+ Kh8 45. Qe8+ Kh7 46. Qf7+ Kh8 47. Qh5 Kg7 48. Kg3 f4+ 49. Kh2 Nb2 50. Qg4+ Kh7 51. e6 Nd3 52. Qh3 Nxf2 53. Ng5+ Kg6 54. Nxe4 Nxh3 55. Nd6 Ng5 56. e7 Ne6 57. e8=Q+ 1-0

[Event "Titled Tuesday 2025.09.09"]
[Site "chess.com INT"]
[Date "2025.09.09"]
[Round "5"]
[White "Perez Gormaz, M."]
[Black "Keleberda, Tymur"]
[Result "1-0"]
[WhiteElo "2381"]
[BlackElo "2352"]
[WhiteFideId "-1"]
[BlackFideId "-1"]
[PlyCount "143"]
[GameId "2222458536303457"]
[EventDate "2025.09.09"]
[EventType "swiss (blitz)"]
[EventRounds "11"]
[EventCountry "NET"]
[SourceTitle "The Week in Chess 1610"]
[Source "Mark Crowther"]
[SourceDate "2025.09.15"]
[SourceVersion "1"]
[SourceVersionDate "2025.09.15"]
[SourceQuality "2"]

1. e4 a6 2. d4 e6 3. Nf3 d5 4. e5 c5 5. c3 Nc6 6. a3 Nge7 7. Bd3 Bd7 8. dxc5 Qc7 9. Bf4 Ng6 10. Bxg6 fxg6 11. b4 Be7 12. O-O O-O 13. Bg3 g5 14. Nbd2 h5 15. h3 g6 16. c4 Qc8 17. Qb3 Kh7 18. Rad1 Rf5 19. Rfe1 Qg8 20. Nf1 Raf8 21. Ne3 Rxf3 22. gxf3 Rxf3 23. cxd5 h4 24. dxc6 Bxc6 25. Bh2 Qf7 26. Qc4 Rxf2 27. Qg4 Bf3 28. Rd7 Bxg4 29. Nxg4 Rf5 30. Nf6+ Kg7 31. Red1 Kh6 32. Rxe7 Rxf6 33. Rxf7 Rxf7 34. Rd6 Re7 35. c6 bxc6 36. Rxc6 g4 37. hxg4 Kg5 38. Rc4 h3 39. Bg3 Rd7 40. Kh2 Rd3 41. Kxh3 Rxa3 42. Kg2 a5 43. bxa5 Rxa5 44. Bf4+ Kh4 45. Bg3+ Kg5 46. Bf2 Ra3 47. Re4 Ra2 48. Kf3 Ra3+ 49. Be3+ Kh4 50. Rf4 Ra7 51. Rf6 Rh7 52. Rxe6 g5 53. Rg6 Rf7+ 54. Ke4 Kxg4 55. Rxg5+ Kh4 56. Rf5 Re7 57. Rf6 Kg4 58. e6 Re8 59. Rg6+ Kh5 60. Rf6 Kg4 61. Ke5 Ra8 62. e7 Ra5+ 63. Kd6 Ra8 64. Kd7 Ra6 65. Rxa6 Kf5 66. Re6 Kg4 67. Bb6 Kf3 68. Bd8 Kg2 69. e8=Q Kf1 70. Qf7+ Kg2 71. Rg6+ Kh1 72. Qh7# 1-0

[Event "Maia op-A"]
[Site "Maia POR"]
[Date "2025.08.22"]
[Round "1"]
[White "Avadhoot, Lokesh Bhakti Brahm"]
[Black "Keleberda, Tymur"]
[Result "0-1"]
[WhiteElo "2048"]
[BlackElo "2353"]
[WhiteFideId "-1"]
[BlackFideId "-1"]
[PlyCount "56"]
[GameId "2214873074260810"]
[EventDate "2025.08.22"]
[EventType "swiss"]
[EventRounds "9"]
[EventCountry "POR"]
[SourceTitle "Mega2025 Update 44"]
[Source "Chessbase"]
[SourceDate "2025.09.05"]
[SourceVersion "1"]
[SourceVersionDate "2025.09.05"]
[SourceQuality "1"]

1. e4 a6 2. d4 e6 3. Bd3 h6 4. Qe2 d6 5. Nf3 g6 6. b3 Bg7 7. Bb2 Ne7 8. Nbd2 b6 9. O-O-O Bb7 10. Ne1 O-O 11. f4 c5 12. dxc5 bxc5 13. Bxg7 Kxg7 14. Nef3 Nbc6 15. g4 d5 16. f5 Nb4 17. Qe3 Ng8 18. a3 Nxd3+ 19. cxd3 Re8 20. e5 exf5 21. gxf5 Qa5 22. f6+ Kf8 23. Nb1 d4 24. Qf4 Re6 25. Rhe1 Bd5 26. Nfd2 Rb8 27. Re2 Qb5 28. Qg3 Bxb3 0-1

[Event "Maia op-A"]
[Site "Maia POR"]
[Date "2025.08.23"]
[Round "2"]
[White "Keleberda, Tymur"]
[Black "Menard, Baptiste"]
[Result "1-0"]
[WhiteElo "2353"]
[BlackElo "2121"]
[WhiteFideId "-1"]
[BlackFideId "-1"]
[PlyCount "183"]
[GameId "2214873074269024"]
[EventDate "2025.08.22"]
[EventType "swiss"]
[EventRounds "9"]
[EventCountry "POR"]
[SourceTitle "Mega2025 Update 44"]
[Source "Chessbase"]
[SourceDate "2025.09.05"]
[SourceVersion "1"]
[SourceVersionDate "2025.09.05"]
[SourceQuality "1"]

1. e4 g6 2. d4 d6 3. Nc3 a6 4. Be3 Nf6 5. f3 b5 6. Qd2 Nbd7 7. a4 b4 8. Na2 a5 9. c3 bxc3 10. Nxc3 c6 11. Bd3 Bg7 12. Nge2 O-O 13. Bh6 Bxh6 14. Qxh6 e5 15. d5 cxd5 16. exd5 Nc5 17. Bb5 Bd7 18. Rd1 Bxb5 19. axb5 a4 20. O-O Qa5 21. Ng3 Ncd7 22. Nce4 Nxe4 23. fxe4 Qxb5 24. Rf3 f6 25. Rd2 Rac8 26. h4 Rf7 27. Kh2 Qa5 28. Rdf2 Qd8 29. b3 Ra8 30. h5 Qf8 31. Qc1 Nc5 32. b4 Nb3 33. Qf1 Qg7 34. Nf5 gxf5 35. Rg3 Qxg3+ 36. Kxg3 f4+ 37. Kh2 Nd4 38. h6 Rc7 39. Qd3 Kf7 40. Ra2 Kg6 41. Qd1 Rca7 42. Qg4+ Kxh6 43. Ra3 f3 44. gxf3 Rg7 45. Qh3+ Kg6 46. f4 Kf7 47. fxe5 dxe5 48. d6 Ne6 49. b5 Rd8 50. Rxa4 Rxd6 51. Ra7+ Kg8 52. Rxg7+ Kxg7 53. Qa3 Rd7 54. b6 Nd8 55. Qa4 Rf7 56. Qe8 Nb7 57. Qc6 Nd8 58. Qd5 Nb7 59. Kh3 Kf8 60. Kg4 Ke8 61. Qe6+ Kf8 62. Kf5 Kg7 63. Kg4 Nc5 64. Qd5 Nb7 65. Kh5 Re7 66. Qd1 Kf7 67. Kh6 Ke8 68. Qa4+ Kf8 69. Qa8+ Kf7 70. Kxh7 Rd7 71. Qg8+ Ke7 72. Kg6 Nd8 73. Qc4 Ke8 74. Qb3 Ke7 75. Qb4+ Ke6 76. Qf8 Nf7 77. Qe8+ Kd6 78. Kxf6 Nd8 79. Qxe5+ Kc6 80. Qa5 Rf7+ 81. Kg6 Rd7 82. Qa4+ Kd6 83. e5+ Ke6 84. Qg4+ Ke7 85. Kf5 Rb7 86. Qb4+ Kf7 87. Qb5 Re7 88. Qd5+ Ke8 89. Kf6 Nb7 90. Qg8+ Kd7 91. e6+ Kd6 92. Qb8+ 1-0

[Event "Maia op-A"]
[Site "Maia POR"]
[Date "2025.08.24"]
[Round "3"]
[White "Idani, Pouya"]
[Black "Keleberda, Tymur"]
[Result "1-0"]
[WhiteElo "2593"]
[BlackElo "2353"]
[WhiteFideId "-1"]
[BlackFideId "-1"]
[PlyCount "85"]
[GameId "540907281782"]
[EventDate "2025.08.22"]
[EventType "swiss"]
[EventRounds "9"]
[EventCountry "POR"]
[SourceTitle "Mega2025 Update 44"]
[Source "Chessbase"]
[SourceDate "2025.09.05"]
[SourceVersion "1"]
[SourceVersionDate "2025.09.05"]
[SourceQuality "1"]

1. e4 e6 2. d4 d5 3. e5 c5 4. c3 Qb6 5. Nf3 Nc6 6. a3 f6 7. Bd3 fxe5 8. dxe5 c4 9. Bc2 Nh6 10. O-O Nf7 11. b3 cxb3 12. Bxb3 Bc5 13. Bf4 O-O 14. Nbd2 Nd6 15. g3 Nf5 16. Bc2 Qc7 17. Nb3 Bb6 18. Qd3 g6 19. Rac1 Bd7 20. Qe2 Rf7 21. Bg5 Raf8 22. Bf6 Rxf6 23. exf6 Rxf6 24. Bxf5 Rxf5 25. Nbd4 Rf6 26. Nxc6 Bxc6 27. Ne5 Bb5 28. c4 dxc4 29. Ng4 Rf8 30. Qb2 h5 31. Qxb5 hxg4 32. Qxc4 Qe5 33. Qxg4 Kg7 34. Rc2 Rf7 35. Re2 Qf5 36. Qe4 Qxe4 37. Rxe4 Rf3 38. a4 Ra3 39. Rfe1 e5 40. Rxe5 Rxa4 41. Re7+ Kf6 42. R1e6+ Kf5 43. Re2 1-0

[Event "Maia op-A"]
[Site "Maia POR"]
[Date "2025.08.25"]
[Round "4"]
[White "Keleberda, Tymur"]
[Black "Gomez Carreno, Martin"]
[Result "1-0"]
[WhiteElo "2353"]
[BlackElo "2163"]
[WhiteFideId "-1"]
[BlackFideId "-1"]
[PlyCount "79"]
[GameId "2217351868407780"]
[EventDate "2025.08.22"]
[EventType "swiss"]
[EventRounds "9"]
[EventCountry "POR"]
[SourceTitle "Mega2025 Update 44"]
[Source "Chessbase"]
[SourceDate "2025.09.05"]
[SourceVersion "1"]
[SourceVersionDate "2025.09.05"]
[SourceQuality "1"]

1. Nf3 Nf6 2. c4 e6 3. g3 d5 4. Bg2 d4 5. e3 c5 6. d3 Nc6 7. exd4 cxd4 8. O-O Bd6 9. Na3 O-O 10. Nc2 e5 11. b4 Nxb4 12. Nxb4 Bxb4 13. Nxe5 Qa5 14. Rb1 Bd6 15. Nf3 Qxa2 16. Bg5 Ng4 17. h3 Ne5 18. Nxd4 Bc5 19. Nb3 Bb6 20. Bf4 Ng6 21. Bd6 Rd8 22. c5 Rxd6 23. cxd6 Be6 24. Nd2 Rd8 25. Ne4 h6 26. Kh2 Qa5 27. d4 Bf5 28. Ra1 Qb4 29. Ra4 Qb2 30. Qd3 Rxd6 31. Rb1 Rxd4 32. Nf6+ gxf6 33. Qxf5 Qxb1 34. Qxb1 Rxa4 35. Bd5 Nh8 36. Qf5 Kg7 37. h4 Rd4 38. h5 Rd2 39. Qg4+ Kf8 40. Qf4 1-0